UBT Library

Etika në media : (Record no. 1076)

000 -LEADER
fixed length control field 00590nam a22002057a 4500
008 - FIXED-LENGTH DATA ELEMENTS--GENERAL INFORMATION
fixed length control field 150630b xxu||||| |||| 00| 0 alb d
020 ## - INTERNATIONAL STANDARD BOOK NUMBER
International Standard Book Number 9789995619312
041 0# - LANGUAGE CODE
Language code of text/sound track or separate title alb
080 ## - UNIVERSAL DECIMAL CLASSIFICATION NUMBER
Universal Decimal Classification number 070.11
100 ## - Rafti
Rafti Patterson, Philip; Wilkins, Lee;
245 ## - TITLE STATEMENT
Title Etika në media :
Statement of responsibility, etc Philip Patterson; Lee Wilkins ;
250 ## -
-- 6th Edition
260 ## -
-- Tiranë :
-- UFO Press;
-- 2009.
300 ## -
-- 400 f. :
-- me il.;
-- 25 cm.
500 ## -
-- Parathënie: f.XI-XVI
505 ## -
-- Index: f.393-400
650 #0 -
-- Etika e gazetarisë
650 #0 -
-- Masmedia
942 ## - ADDED ENTRY ELEMENTS (KOHA)
Source of classification or shelving scheme
Item type Books
Holdings
Withdrawn status Lost status Source of classification or shelving scheme Damaged status Not for loan Collection code Permanent location Current location Shelving location Date acquired Total Checkouts Full call number Date last seen Price effective from Koha item type
          Koleksioni i përgjithshem UBT - Prishtine UBT - Prishtine Koleksioni i përgjithshem 06/30/2015   070.11 PAT 06/30/2015 06/30/2015 Books
UBT Library © 2015-2024. All rights reserved University Education for Business and Technology